000 00661nam a2200205Ii 4500
003 JO-AjNU
008 230605s9999||||xx |||||||||||||| ||und||
040 _aJO-AjNU
_bara
_erda
_cJO-AjNU
041 _aara
050 1 4 _aPJ6171.B3496 1990
100 3 _aبكار، يوسف ,
_eauthor
_924857
245 0 0 _aفي العروض والقافية
250 _aط2
264 3 1 _aبيروت: دار المناهل للطباعة والنشر والتوزيع، 1990
300 _a224ص
336 _atext
_btxt
_2rdacontent
337 _aunmediated
_bn
_2rdamedia
338 _avolume
_bnc
_2rdacarrier
650 4 _aاللغة العربية - العروض
_924858
999 _aA9221
_c12789
_d12789